000 00673nmc a2200253 a 4500
003 AR-BaBNM
005 20251128211549.0
008 294120s1982 ||||||||||||||000 | spa||
020 _a84-372-1752-0
040 _cAR-BaBNM
100 1 _aGammell, Stephen
245 1 0 _aDespierta, oso... ¡Es navidad!
260 _aMadrid
_bAltea
_c1982
300 _a30 p.
_bil. col.
490 0 _aAltea benjamin
_vv. 45
650 4 _aCUENTOS DE ANIMALES
650 4 _aLIBROS PARA NINOS
650 4 _aLITERATURA CONTEMPORANEA
655 _aLITERATURA
700 1 _aGammell, Stephen
_eilustrador
700 1 _aDiéguez, Miguel A.
_etraductor
942 _cBK
998 _cEugenia
999 _c20203
_d20203